01682nam a2200481 i 450000100060000000300080000600500170001400600190003100700150005000800410006502000270010602000180013303500230015103500240017403500250019803500210022304000310024405000260027508000080030108200160030910000270032524501010035226400390045330000410049233600310053333700330056433800430059749000200064050000220066050400280068258801280071065000370083865000310087565000240090665000230093065000460095365000350099965000310103465000250106565500270109083000210111785600620113847657FlNmELB20241216231901.0m o d | cr cnu||||||||140909s2013 sp ob 001 0 spa d a9788490640920 (e-book) z9788490297674 a(MiAaPQ)EBC3221910 a(Au-PeEL)EBL3221910 a(CaPaEBR)ebr10902544 a(OCoLC)991926762 aFINmELBbspaerdacFINmELB 4aTK6570.P8b.P776 2013 a0040 a004.6782231 aPont Sorribes, Carles.10aComunicar las emergencias :bactores, protocolos y nuevas tecnologías /cCarles Pont Sorribes. 1aBarcelona :bEditorial UOC,c2013. a1 recurso en línea (160 páginas) atextobtxt2rdacontent/spa acomputadorabc2rdamedia/spa arecurso en líneabcr2rdacarrier/spa1 aManuales ;v284 aIncluye índice. aIncluye bibliografía. aDescripción basada en recurso en línea; Título de la página del título en PDF (e-libro, visto September 9, 2014). 0aEmergency communication systems. 0aDisastersxPress coverage. 0aRisk communication. 0aCrisis management. 4aSistemas de comunicación de emergencia. 4aDesastresxNoticias de prensa. 4aComunicación de riesgos. 4aGestión de crisis. 4aLibros electrónicos. 0aManuales ;v284.40uhttps://elibro.net/ereader/politecnicointernacional/57626